000 00416nam a2200169Ia 4500
008 090711s9999 xx 000 0 und d
082 _b25673
100 _aपणीकर रजनी
245 _aतहान
260 _c1962
300 _a216
600 _aपणीकर रजनी
630 _aतहान
700 _aपणीकर रजनी
730 _aतहान
942 _cBOOK
999 _c298575
_d298575